00526cam a22002051 4500001001300000003000400013005001700017008004100034010001700075035002000092040003400112042001200146050001900158082001100177100003300188245002600221260004000247300001800287999001500305af 48001596 DLC20260227110850.0851012s1942 gw 000 0 ger c aaf 48001596  a(OCoLC)12670363 aYale Univ. LibrarycTxHRdDLC apremarc00aPT2617.O29bW4 a831.911 aHoerner, Herbert von,d1884-14aDie Welle;bGedichte. aStuttgart,bEngelhornverlagc[1942] a34 p.c21 cm. c4610d4610